000 00722nam a2200205Ia 4500
003 GCL
008 140319s9999 xx 000 0 ara d
040 _aGCL /
_cGCL
082 0 4 _a370.7122
_bك ا
100 1 _aكوثر عبدالرحيم شهاب الشريف
245 1 0 _aاعداد معلم الحلقة الاولى من التعليم الاساسى (المرحلة الابتدائية) /
_cكوثر عبدالرحيم شهاب الشريف
260 _a[S.N] :
_bمكتبة النهضة المصرية ،
_c1985
300 _a339ص
490 _a
650 0 4 _aالتربية
650 0 4 _aالمناهج
650 0 4 _aالتعليم الابتدائى
650 0 4 _aالمدرسون
942 _2ddc
_cBK
999 _c28330
_d28330